000 00493nam a2200109Ia 4500
008 220216s9999 xx 000 0 und d
100 _aGeorge C M
245 0 _aComparative assessment of machinery and accessories used for TSR production in the major NR producing countries of the world
260 _bIn Seminar on technically specified rubber. Organised by the Department of Processing and Product Development, Rubber Board, Kottayam, January 4, 1994
650 _aTSR production
942 _cJS
999 _c55912
_d55912